00460 2200181 4500001002100000005001500021035002000036007000300056008004100059020001800100082001000118084001600128100001800144245004600162260004400208856001700252990000900269INLIS00000000000167220230221065404 a0010-0223000133ta230221 g 0 ind  a9789790500167 a959.8 a959.8 EKO s0 aEko Praptanto1 asejarah indonesia II : Zaman sejarah kuno aJakarta :bBina sumber daya mipa,c2010 aKoleksi Umum a2863